|
|
|
|
| LEADER |
00000cam a2200000 7i4500 |
| 001 |
0000006157 |
| 002 |
000006647 |
| 005 |
20000330.0 |
| 020 |
|
|
|a 9839817345
|
| 090 |
0 |
0 |
|a JF
|b CER
|
| 245 |
0 |
0 |
|a Cerita dongeng Parsi :
|b Budak pintar dengan gergasi
|c Cerita semula oleh Johnny Ong
|
| 260 |
|
|
|a P.Jaya :
|b Didika ,
|c 1995
|
| 300 |
|
|
|a 24p. :
|b ill ;
|c 20cm.
|
| 490 |
0 |
|
|a Bacaan Rintis
|
| 650 |
0 |
0 |
|a Children's stories
|
| 999 |
|
|
|a 038466
|b BUKU
|c PINJAMAN
|e PERPUSTAKAAN KOMUNITI PETALING JAYA
|
| 999 |
|
|
|a 038467
|b BUKU
|c PINJAMAN
|e PERPUSTAKAAN KOMUNITI PETALING JAYA
|
| 999 |
|
|
|a 046148
|b BUKU
|c PINJAMAN
|e PERPUSTAKAAN KOMUNITI CAW KOTA DAMANSARA
|
| 999 |
|
|
|a 046149
|b BUKU
|c PINJAMAN
|e PERPUSTAKAAN KOMUNITI CAW KOTA DAMANSARA
|